Online
Catalog

Cosecha de almas : (Record no. 3829)

MARC details
000 -CABECERA
campo de control de longitud fija 00824cam a2200241 a 4500
001 - NÚMERO DE CONTROL
campo de control 000004010
005 - FECHA Y HORA DE LA ÚLTIMA TRANSACCIÓN
campo de control 20200929150650.0
008 - DATOS DE LONGITUD FIJA--INFORMACIÓN GENERAL
campo de control de longitud fija 980408s1999 flu 000 f spa
020 ## - NÚMERO INTERNACIONAL ESTÁNDAR DEL LIBRO
Número Internacional Estándar del Libro 0789905779
040 ## - FUENTE DE LA CATALOGACIÓN
Centro catalogador/agencia de origen DO-SdBNP
Lengua de catalogación spa
Centro/agencia transcriptor BNPHU
041 17 - CÓDIGO DE LENGUA
Código de lengua del texto/banda sonora o título independiente spa
Código de lengua original eng
Fuente del código Código de idioma MARC
082 ## - NÚMERO DE LA CLASIFICACIÓN DECIMAL DEWEY
Número de clasificación 823.3
Número de documento/Ítem L183c
100 1# - ENTRADA PRINCIPAL--NOMBRE DE PERSONA
Nombre de persona LaHaye, Tim F.
Fechas asociadas al nombre 1926-
9 (RLIN) 12001
245 10 - MENCIÓN DE TÍTULO
Título Cosecha de almas :
Resto del título el mundo toma partido /
Mención de responsabilidad, etc. Tim LaHaye y Jerry B. Jenkins ; traducción, Nellyda Pablovsky.
260 ## - PUBLICACIÓN, DISTRIBUCIÓN, ETC.
Lugar de publicación, distribución, etc. Miami, FL :
Nombre del editor, distribuidor, etc. Unilit,
Fecha de publicación, distribución, etc. 1999.
300 ## - DESCRIPCIÓN FÍSICA
Extensión 327 p. ;
Dimensiones 21 cm.
534 ## - NOTA SOBRE LA VERSIÓN ORIGINAL
Encabezamiento principal del original Título original: Soul harvest
650 #4 - PUNTO DE ACCESO ADICIONAL DE MATERIA--TÉRMINO DE MATERIA
Término de materia o nombre geográfico como elemento de entrada Novela inglesa
9 (RLIN) 1071
650 #4 - PUNTO DE ACCESO ADICIONAL DE MATERIA--TÉRMINO DE MATERIA
Término de materia o nombre geográfico como elemento de entrada Literatura inglesa
Subdivisión cronológica SIGLO XX
9 (RLIN) 4369
700 1# - PUNTO DE ACCESO ADICIONAL--NOMBRE DE PERSONA
Nombre de persona Jenkins, Jerry B.,
Fechas asociadas al nombre 1949 -
9 (RLIN) 12002
700 1# - PUNTO DE ACCESO ADICIONAL--NOMBRE DE PERSONA
Nombre de persona Pablovsky, Nellyda,
Término indicativo de función/relación tr.
9 (RLIN) 10557
910 ## - DATOS DE OPCIÓN DEL USUARIO (OCLC)
Datos de opción del usuario Catalogación por copia / LC
Holdings
Estado de retiro Estado de pérdida Restricciones de uso No para préstamo Código de colección Localización permanente Ubicación/localización actual Ubicación en estantería Fecha de adquisición Número de inventario Total de préstamos Signatura topográfica completa Código de barras Fecha visto por última vez Precio válido a partir de Tipo de ítem Koha
    Préstamo interno   Monografías: Libros y Folletos General General Depósito 16.07.2009 LF1   823.3 L183c 4010-10 25.06.2020 25.06.2020 Préstamo interno

Powered by Koha